|
|
|
|
| LEADER |
01605nam a2200397Ia 4500 |
| 001 |
EBC3117807 |
| 003 |
MiAaPQ |
| 005 |
20200520144314.0 |
| 006 |
m o d | |
| 007 |
cr cn||||||||| |
| 008 |
081022s2009 nyu sb 001 0 eng d |
| 010 |
|
|
|z 2008044326
|
| 020 |
|
|
|z 0895033267 (pbk. : alk. paper)
|
| 020 |
|
|
|z 9780895033260 (pbk. : alk. paper)
|
| 020 |
|
|
|a 9780895036643 (electronic bk.)
|
| 035 |
|
|
|a (MiAaPQ)EBC3117807
|
| 035 |
|
|
|a (Au-PeEL)EBL3117807
|
| 035 |
|
|
|a (CaPaEBR)ebr10607828
|
| 035 |
|
|
|a (CaONFJC)MIL997115
|
| 035 |
|
|
|a (OCoLC)813285799
|
| 040 |
|
|
|a MiAaPQ
|c MiAaPQ
|d MiAaPQ
|
| 050 |
|
4 |
|a HD9506.A64
|b A444 2009
|
| 082 |
0 |
4 |
|a 338.7/66909744
|2 22
|
| 100 |
1 |
|
|a Forrant, Robert,
|d 1947-
|
| 245 |
1 |
0 |
|a Metal fatigue
|h [electronic resource] :
|b American Bosch and the demise of metalworking in the Connecticut River Valley /
|c Robert Forrant.
|
| 260 |
|
|
|a Amityville, NY :
|b Baywood Pub. Company,
|c 2009.
|
| 300 |
|
|
|a x, 201 p.
|
| 490 |
0 |
|
|a Work, health, and environment series
|
| 504 |
|
|
|a Includes bibliographical references and index.
|
| 533 |
|
|
|a Electronic reproduction. Ann Arbor, MI : ProQuest, 2015. Available via World Wide Web. Access may be limited to ProQuest affiliated libraries.
|
| 610 |
2 |
0 |
|a American Bosch Corporation (Springfield, Mass.)
|x History.
|
| 650 |
|
0 |
|a Metal trade
|z Connecticut River Valley
|x History.
|
| 650 |
|
0 |
|a Plant shutdowns
|z Connecticut River Valley
|x History.
|
| 655 |
|
4 |
|a Electronic books.
|
| 710 |
2 |
|
|a ProQuest (Firm)
|
| 856 |
4 |
0 |
|u https://ebookcentral.proquest.com/lib/matrademy/detail.action?docID=3117807
|z Click to View
|